000
00343nam a22001217a 4500
003
SGT
082
_a
920
_b
M07S
100
_a
सहाय, आनंद किशोर
245
_a
मोहित सेन : एक आत्मकथा
260
_b
नेशनल बुक ट्रस्ट
_c
2007
300
_a
329
942
_2
ddc
_c
BK
999
_c
31801
_d
31801